| 000 | 00544nam a22001577a 4500 | ||
|---|---|---|---|
| 008 | 110409t xxu||||| |||| 00| 0 eng d | ||
| 020 | _a9780414041813 | ||
| 082 |
_222 _a346.05 MCG |
||
| 245 |
_aSnell's Equity / _bfifth spplement to the thirty- First Edition _cGeneral editor, John Mcghee; contributors, Mthew Conaglen... [ et al] |
||
| 260 |
_aEngland; Wales : _bThomson Reuters , _c2009 |
||
| 300 |
_axxiv, 139 _c24 cm |
||
| 440 |
_aTrusts, Wills and Probate Library _9593 |
||
| 500 | _aincludes index | ||
| 690 |
_aEquity _9602 |
||
| 942 |
_2ddc _cBK |
||
| 999 |
_c205 _d205 |
||